[Event "EU-ch Online U2300 Final"]
[Site "Chess.com INT"]
[Date "2020.05.26"]
[Round "2"]
[White "Caputcuoglu, Zeki Berke"]
[Black "Gevorgyan, Albert"]
[Result "1-0"]
[WhiteElo "2138"]
[BlackElo "2170"]
[PlyCount "75"]
[EventDate "2020.05.26"]
[EventType "swiss"]
[EventRounds "8"]
[EventCountry "NET"]
[SourceTitle "CBM 196 Extra"]
[Source "ChessBase"]
[SourceDate "2020.07.31"]
[SourceVersion "1"]
[SourceVersionDate "2020.07.31"]
[SourceQuality "1"]

1. Nf3 Nf6 2. d4 d5 3. c4 c6 4. Nc3 e6 5. e3 Nbd7 6. Qc2 Bd6 7. Be2 0-0 8. 0-0 dxc4 9. a4 e5 10. Bxc4 exd4 11. exd4 Nb6 12. Bb3 Bg4 13. Ne5 Bh5 14. Bg5 Be7 15. Rae1 Nfd5 16. Bxe7 Nxe7 17. Qe4 Ned5 18. a5 Nxc3 19. bxc3 Nd5 20. a6 Qb6 21. Bxd5 cxd5 22. Qh4 Bg6 23. Nd7 Qxa6 24. Nxf8 Rxf8 25. Re7 Qc6 26. Qg3 h6 27. Rc7 Qb6 28. Re1 Kh7 29. h4 a5 30. Ree7 Qb1+ 31. Kh2 b5 32. Qf3 Qb3 33. h5 Be4 34. Qf4 Qd1 35. f3 Bd3 36. Rxf7 Rg8 37. Qf6 Qe1 38. Rxg7+ 1-0

[Event "EU-ch Online U2300 Final"]
[Site "Chess.com INT"]
[Date "2020.05.26"]
[Round "6"]
[White "Gevorgyan, Albert"]
[Black "Sahakyan, Arman K"]
[Result "0-1"]
[WhiteElo "2170"]
[BlackElo "1775"]
[PlyCount "84"]
[EventDate "2020.05.26"]
[EventType "swiss"]
[EventRounds "8"]
[EventCountry "NET"]
[SourceTitle "CBM 196 Extra"]
[Source "ChessBase"]
[SourceDate "2020.07.31"]
[SourceVersion "1"]
[SourceVersionDate "2020.07.31"]
[SourceQuality "1"]

1. Nf3 d5 2. c4 dxc4 3. e3 Nf6 4. Bxc4 e6 5. Nc3 c5 6. 0-0 Nc6 7. d4 cxd4 8. exd4 Be7 9. Re1 0-0 10. Bf4 a6 11. Rc1 b5 12. Bd3 Bb7 13. Bb1 Rc8 14. a3 Na5 15. Ne5 Nd5 16. Nxd5 Bxd5 17. Qh5 f5 18. Rxc8 Qxc8 19. Rc1 Qb7 20. f3 Nb3 21. Rd1 Bf6 22. Kh1 Qa7 23. Bg5 Bxe5 24. dxe5 Qf2 25. Be7 Rf7 26. Qh4 Qxb2 27. Bb4 h6 28. Qd8+ Kh7 29. h4 Qxe5 30. Qe8 Rb7 31. h5 Qf6 32. Bc3 Qg5 33. Be5 Re7 34. Qf8 Qxh5+ 35. Kg1 Rf7 36. Qe8 Na5 37. g4 Qg6 38. Kf2 Bxf3 39. gxf5 Qg2+ 40. Ke3 Qe2+ 41. Kf4 g5+ 42. Kg3 Qg2# 0-1

[Event "World ol U16"]
[Site "Corum"]
[Date "2019.11.05"]
[Round "9.3"]
[White "Siniauski, Artsiom"]
[Black "Gevorgyan, Albert"]
[Result "1-0"]
[WhiteElo "2233"]
[BlackElo "2231"]
[PlyCount "83"]
[EventDate "2019.10.29"]
[EventType "team-swiss"]
[EventRounds "9"]
[EventCountry "TUR"]
[SourceTitle "CBM 192 Extra"]
[Source "Chessbase"]
[SourceDate "2019.11.06"]
[SourceVersion "1"]
[SourceVersionDate "2019.11.06"]
[SourceQuality "1"]
[WhiteTeam "Belarus"]
[BlackTeam "Armenia"]
[WhiteTeamCountry "BLR"]
[BlackTeamCountry "ARM"]

1. e4 e5 2. Nf3 Nc6 3. Bb5 a6 4. Ba4 Nf6 5. 0-0 Nxe4 6. d4 b5 7. Bb3 d5 8. dxe5 Be6 9. Nbd2 Be7 10. c3 0-0 11. Qe2 Nc5 12. Nd4 Nxb3 13. N2xb3 Qd7 14. f4 Nxd4 15. cxd4 a5 16. Be3 a4 17. Nd2 Rac8 18. Rac1 g6 19. Qf2 Rfd8 20. Nf3 b4 21. Rfd1 Qb5 22. h3 Bf5 23. g4 Be4 24. Ng5 Bxg5 25. fxg5 Qa6 26. Rc5 b3 27. a3 Rd7 28. Qd2 Ra8 29. Rf1 Re7 30. Rf6 Qc8 31. Qf2 Ra6 32. Bd2 Ra7 33. Bb4 Rb7 34. Ra5 Rxb4 35. axb4 Qb7 36. Rxa4 Kg7 37. Ra1 Bd3 38. e6 fxe6 39. Rf8 Bf5 40. Raa8 Qxa8 41. Rxa8 Rf7 42. Qg3 1-0

[Event "World ol U16"]
[Site "Corum"]
[Date "2019.11.01"]
[Round "5.9"]
[White "Gevorgyan, Albert"]
[Black "Garifullina, Leya"]
[Result "1/2-1/2"]
[WhiteElo "2231"]
[BlackElo "2330"]
[PlyCount "59"]
[EventDate "2019.10.29"]
[EventType "team-swiss"]
[EventRounds "9"]
[EventCountry "TUR"]
[SourceTitle "CBM 192 Extra"]
[Source "Chessbase"]
[SourceDate "2019.11.06"]
[SourceVersion "1"]
[SourceVersionDate "2019.11.06"]
[SourceQuality "1"]
[WhiteTeam "Armenia"]
[BlackTeam "Russia"]
[WhiteTeamCountry "ARM"]
[BlackTeamCountry "RUS"]

1. Nf3 Nf6 2. c4 e6 3. g3 d5 4. Bg2 Be7 5. 0-0 0-0 6. b3 b6 7. Bb2 Bb7 8. e3 c5 9. Qe2 Nc6 10. Rd1 Qc8 11. Nc3 Rd8 12. cxd5 Nxd5 13. Nxd5 Rxd5 14. d4 cxd4 15. Nxd4 Nxd4 16. Bxd4 Rd7 17. Rac1 Rc7 18. Qg4 Bf8 19. Rxc7 Qxc7 20. Bxb7 Qxb7 21. Bb2 Rc8 22. Rd2 h6 23. Qd4 Qc6 24. a4 Qb7 25. h4 Rc6 26. Qd8 Rc8 27. Qd4 Rc6 28. Qd8 Rc8 29. Qd4 Rc6 30. Qd8 1/2-1/2

[Event "ARM-ch 1st League 80th"]
[Site "Yerevan"]
[Date "2019.08.31"]
[Round "13"]
[White "Gevorgyan, Albert"]
[Black "Hoghmrtsyan, Artur"]
[Result "0-1"]
[WhiteElo "2175"]
[BlackElo "2317"]
[PlyCount "98"]
[EventDate "2019.08.18"]
[EventType "tourn"]
[EventRounds "13"]
[EventCountry "ARM"]
[EventCategory "6"]
[SourceTitle "EXT 2020"]
[Source "ChessBase"]
[SourceDate "2019.10.17"]
[SourceVersion "1"]
[SourceVersionDate "2019.10.17"]
[SourceQuality "1"]

1. d4 d5 2. Nc3 Nf6 3. Bf4 e6 4. Nb5 Na6 5. a3 Ne4 6. f3 Nd6 7. Nc3 c6 8. e4 dxe4 9. fxe4 b6 10. Qf3 Nb8 11. 0-0-0 Be7 12. Bd3 0-0 13. e5 Nf5 14. Qh3 Bg5 15. Bxg5 Qxg5+ 16. Kb1 Nh6 17. Nge2 Nd7 18. Ne4 Qg4 19. Qe3 Nf5 20. Qf2 c5 21. h3 Qh4 22. g3 Qe7 23. c3 Bb7 24. g4 Nh6 25. Rhg1 f5 26. exf6 Nxf6 27. Qh4 Rae8 28. Ng5 Ne4 29. Bb5 Nxg5 30. Bxe8 Rxe8 31. dxc5 bxc5 32. Rgf1 Nhf7 33. Qg3 e5 34. h4 Ne4 35. Qe3 Bc6 36. g5 Qe6 37. Rg1 Rb8 38. Nc1 Nfd6 39. Ka1 Nc4 40. Qd3 Nxb2 41. Qd8+ Rxd8 42. Rxd8+ Kf7 43. Kxb2 Qh3 44. Rgd1 Qxc3+ 45. Kb1 Qxa3 46. R1d3 Nc3+ 47. Kc2 Ba4+ 48. Kd2 Qb2+ 49. Ke3 Qxc1+ 0-1

[Event "ARM-ch 1st League 80th"]
[Site "Yerevan"]
[Date "2019.08.26"]
[Round "8"]
[White "Chaqryan, Erik"]
[Black "Gevorgyan, Albert"]
[Result "1-0"]
[WhiteElo "2105"]
[BlackElo "2175"]
[PlyCount "57"]
[EventDate "2019.08.18"]
[EventType "tourn"]
[EventRounds "13"]
[EventCountry "ARM"]
[EventCategory "6"]
[SourceTitle "EXT 2020"]
[Source "ChessBase"]
[SourceDate "2019.10.17"]
[SourceVersion "1"]
[SourceVersionDate "2019.10.17"]
[SourceQuality "1"]

1. e4 e5 2. Nf3 Nc6 3. d4 exd4 4. Nxd4 Qf6 5. Be3 Bc5 6. c3 Nge7 7. Bc4 b6 8. 0-0 0-0 9. f4 d5 10. e5 Qh6 11. Be2 Nxe5 12. Qd2 N5c6 13. f5 Qf6 14. g4 a5 15. Na3 Nxd4 16. cxd4 Bb4 17. Qc1 h6 18. Nc2 Nc6 19. a3 Be7 20. Qd2 Ba6 21. Bxa6 Rxa6 22. Rf3 b5 23. Raf1 Qd6 24. g5 hxg5 25. Bxg5 Bxg5 26. Qxg5 Qf6 27. Qxf6 gxf6 28. Rg3+ Kh7 29. Rf4 1-0

[Event "ARM-ch 1st League 80th"]
[Site "Yerevan"]
[Date "2019.08.22"]
[Round "5"]
[White "Gevorgyan, Albert"]
[Black "Harutyunian, Tigran K"]
[Result "0-1"]
[WhiteElo "2175"]
[BlackElo "2555"]
[PlyCount "66"]
[EventDate "2019.08.18"]
[EventType "tourn"]
[EventRounds "13"]
[EventCountry "ARM"]
[EventCategory "6"]
[SourceTitle "EXT 2020"]
[Source "ChessBase"]
[SourceDate "2019.10.17"]
[SourceVersion "1"]
[SourceVersionDate "2019.10.17"]
[SourceQuality "1"]

1. Nf3 Nf6 2. c4 g6 3. Nc3 Bg7 4. e4 e5 5. d4 exd4 6. Nxd4 0-0 7. Be2 Re8 8. f3 c6 9. Nb3 a5 10. a4 d5 11. exd5 cxd5 12. 0-0 d4 13. Nxd4 Qb6 14. Kh1 Nc6 15. Ndb5 Bf5 16. Bf4 Rad8 17. Bd6 Qe3 18. c5 b6 19. Nc7 bxc5 20. Bb5 Re6 21. Bxc5 Qxc5 22. Nxe6 Bxe6 23. Qe2 Bb3 24. Rac1 Nd4 25. Qe3 Qb4 26. Qf4 Nxb5 27. Qxb4 axb4 28. Nxb5 Bxa4 29. Nc7 Ne8 30. Nxe8 Rxe8 31. b3 Bxb3 32. Rb1 Bc4 33. Rfc1 Bc3 0-1

[Event "ARM-ch 1st League 80th"]
[Site "Yerevan"]
[Date "2019.08.19"]
[Round "2"]
[White "Khojayan, Vardan"]
[Black "Gevorgyan, Albert"]
[Result "1/2-1/2"]
[WhiteElo "2236"]
[BlackElo "2175"]
[PlyCount "68"]
[EventDate "2019.08.18"]
[EventType "tourn"]
[EventRounds "13"]
[EventCountry "ARM"]
[EventCategory "6"]
[SourceTitle "EXT 2020"]
[Source "ChessBase"]
[SourceDate "2019.10.17"]
[SourceVersion "1"]
[SourceVersionDate "2019.10.17"]
[SourceQuality "1"]

1. d4 d5 2. Nf3 Nf6 3. c4 c6 4. e3 e6 5. Bd3 Nbd7 6. 0-0 dxc4 7. Bxc4 b5 8. Be2 Bb7 9. a4 a6 10. Nbd2 Be7 11. e4 Qb6 12. e5 Nd5 13. Ne4 h6 14. Qb3 0-0 15. Bd2 c5 16. axb5 cxd4 17. Ba5 Qa7 18. Bd2 Nc7 19. Nd6 Bd5 20. Qa3 Qb8 21. bxa6 Nxa6 22. Qd3 Nac5 23. Rxa8 Bxa8 24. Qxd4 Nb3 25. Qe3 Bxf3 26. gxf3 Nxe5 27. Ne4 f5 28. Bc3 Nf7 29. Ng3 f4 30. Qxe6 fxg3 31. Qg6 Ne5 32. Qe6+ Nf7 33. Qg6 Ne5 34. Qe6+ Nf7 1/2-1/2

[Event "ARM-chT"]
[Site "Yerevan"]
[Date "2018.06.08"]
[Round "1.2"]
[White "Avetisyan, Ashot"]
[Black "Gevorgyan, Albert"]
[Result "1/2-1/2"]
[WhiteElo "2105"]
[BlackElo "1946"]
[PlyCount "29"]
[EventDate "2018.06.08"]
[EventType "team-tourn"]
[EventRounds "7"]
[EventCountry "ARM"]
[SourceTitle "CBM 184 Extra"]
[Source "ChessBase"]
[SourceDate "2018.06.28"]
[SourceVersion "1"]
[SourceVersionDate "2018.06.28"]
[SourceQuality "1"]
[WhiteTeam "Yerevan"]
[BlackTeam "Chess Academy"]
[WhiteTeamCountry "ARM"]
[BlackTeamCountry "ARM"]

1. d4 Nf6 2. c4 c5 3. d5 e6 4. Nc3 exd5 5. cxd5 d6 6. Nf3 g6 7. g3 Bg7 8. Bg2 0-0 9. 0-0 Re8 10. Nd2 a6 11. a4 Nbd7 12. h3 Qc7 13. Nc4 Nb6 14. Na3 Bd7 15. e4 1/2-1/2